| 000 | 00454nam a2200157Ia 4500 | ||
|---|---|---|---|
| 008 | 151213s9999 xx 000 0 und d | ||
| 020 | _a0-87207-275-4 | ||
| 100 | _aDona F. Flippo | ||
| 245 |
_aReading Researchers In Search of Common Ground _cDona F. Flippo |
||
| 260 |
_aNew York _bInternational Reading Association _c2001 |
||
| 300 | _a6490 p. | ||
| 650 | _aEnglish Language | ||
| 650 | _aEnglish Language | ||
| 700 | _aDona F. Flippo | ||
| 999 |
_c3580 _d3580 |
||